| 000 | 00000nam 2200000zi 4500 |
| 001 | 9.955237 |
| 003 | CaOODSP |
| 005 | 20251029133428 |
| 006 | m o d f |
| 007 | cr mn||||||||| |
| 008 | 250912e20251029onca obs f000 0 eng d |
| 020 | |a9780660789378 |
| 040 | |aCaOODSP|beng|erda|cCaOODSP |
| 043 | |an-cn--- |
| 045 | |ax9y2 |
| 086 | 1 |aCS75-006/2025-3-3E-PDF |
| 100 | 1 |aCotter, Adam, |eauthor. |
| 245 | 10|aTrends in police-reported drug crime in Canada / |cby Adam Cotter and Shana Conroy. |
| 264 | 1|a[Ottawa] : |bStatistics Canada = Statistique Canada, |cOctober 29, 2025. |
| 264 | 4|c©2025 |
| 300 | |a1 online resource (9 pages) : |bcolour illustrations. |
| 336 | |atext|btxt|2rdacontent |
| 337 | |acomputer|bc|2rdamedia |
| 338 | |aonline resource|bcr|2rdacarrier |
| 490 | 1 |aInsights on Canadian society, |v2291-0840 |
| 500 | |aIssued also in French under title: Tendances des infractions relatives aux drogues déclarées par la police au Canada. |
| 500 | |a"Catalogue no. 75-006-X." |
| 500 | |a"Special edition issue of Insights on Canadian Society"--Page 1. |
| 504 | |aIncludes bibliographical references (page 9). |
| 520 | |a"Using data from the Uniform Crime Reporting Survey, this article examines police-reported drug offences in Canada over time. …"--Overview of the study, page 1. |
| 650 | 0|aDrug abuse and crime|zCanada|vStatistics. |
| 650 | 0|aDrug traffic|zCanada|vStatistics. |
| 655 | 7|aStatistics|2lcgft |
| 710 | 2 |aStatistics Canada, |eissuing body. |
| 775 | 08|tTendances des infractions relatives aux drogues déclarées par la police au Canada / |w(CaOODSP)9.955238 |
| 830 | #0|aInsights on Canadian society (Statistics Canada)|w(CaOODSP)9.507406 |
| 856 | 40|qPDF|s524 KB|uhttps://publications.gc.ca/collections/collection_2025/statcan/75-006-x/75-006-2025-3-3-eng.pdf |
| 856 | 4 |qHTML|sN/A|uhttps://www150.statcan.gc.ca/n1/pub/75-006-x/2025003/article/00003-eng.htm |
| 986 | |a75-006-X |